<?xml version="1.0" encoding="UTF-8"?>
<collection xmlns:xsi="http://www.w3.org/2001/XMLSchema-instance" xsi:schemaLocation="http://www.loc.gov/MARC21/slim http://www.loc.gov/standards/marcxml/schema/MARC21slim.xsd" xmlns="http://www.loc.gov/MARC21/slim">
 <record>
  <leader>00000nam a22000008i 4500</leader>
  <controlfield tag="001">UP-1685675941131482230</controlfield>
  <controlfield tag="003">Buklod</controlfield>
  <controlfield tag="005">20231018170416.0</controlfield>
  <controlfield tag="006">m    |o  d |      </controlfield>
  <controlfield tag="007">cr |||||||||||</controlfield>
  <controlfield tag="008">231018s2021    nyu         b 001 0 eng  </controlfield>
  <datafield tag="010" ind1=" " ind2=" ">
   <subfield code="a">2020029016</subfield>
  </datafield>
  <datafield tag="020" ind1=" " ind2=" ">
   <subfield code="a">780367363352</subfield>
   <subfield code="a">(paperback)</subfield>
  </datafield>
  <datafield tag="035" ind1=" " ind2=" ">
   <subfield code="a">21588499</subfield>
  </datafield>
  <datafield tag="040" ind1=" " ind2=" ">
   <subfield code="d">LC</subfield>
   <subfield code="b">eng</subfield>
   <subfield code="e">rda</subfield>
   <subfield code="c">DLC</subfield>
   <subfield code="d">DLC</subfield>
   <subfield code="a">DLC</subfield>
   <subfield code="d">DMUS</subfield>
  </datafield>
  <datafield tag="041" ind1="0" ind2=" ">
   <subfield code="a">eng</subfield>
  </datafield>
  <datafield tag="042" ind1=" " ind2=" ">
   <subfield code="a">cc</subfield>
  </datafield>
  <datafield tag="090" ind1="0" ind2="0">
   <subfield code="a">ML 55 </subfield>
   <subfield code="b">I55 2021</subfield>
  </datafield>
  <datafield tag="245" ind1="0" ind2="0">
   <subfield code="a">Innovation in music</subfield>
   <subfield code="b">Future opportunities</subfield>
   <subfield code="c">edited by Russ Hepworth-Sawyer, Justin Paterson and Rob Toulson.</subfield>
  </datafield>
  <datafield tag="246" ind1="3" ind2=" ">
   <subfield code="a">Future opportunities</subfield>
  </datafield>
  <datafield tag="263" ind1=" " ind2=" ">
   <subfield code="a">101</subfield>
  </datafield>
  <datafield tag="264" ind1=" " ind2="1">
   <subfield code="a">New York, NY</subfield>
   <subfield code="b">Routledge</subfield>
   <subfield code="c">2021.</subfield>
  </datafield>
  <datafield tag="300" ind1=" " ind2=" ">
   <subfield code="a">ages cm</subfield>
  </datafield>
  <datafield tag="336" ind1=" " ind2=" ">
   <subfield code="a">text</subfield>
   <subfield code="b">txt</subfield>
   <subfield code="2">rdacontent</subfield>
  </datafield>
  <datafield tag="337" ind1=" " ind2=" ">
   <subfield code="a">unmediated</subfield>
   <subfield code="2">rdamedia</subfield>
  </datafield>
  <datafield tag="338" ind1=" " ind2=" ">
   <subfield code="a">volume</subfield>
   <subfield code="b">nc</subfield>
   <subfield code="2">rdacarrier</subfield>
  </datafield>
  <datafield tag="490" ind1="0" ind2=" ">
   <subfield code="a">Perspectives on music production</subfield>
  </datafield>
  <datafield tag="504" ind1=" " ind2=" ">
   <subfield code="a">Includes bibliographical references and index.</subfield>
  </datafield>
  <datafield tag="505" ind1="0" ind2=" ">
   <subfield code="a">Music Production Innovation. Country &amp; Eastern : Contextual and Cultural Mediation in the Recording Studio - Two producers, two artists, two cultures / by Richard Lightman ; Defining and developing a sonic signature in music mixing : A practice-based approach as modern-day studio mentorship / by Andrea Succi ; Making records within records : Manufacturing phonographic otherness in sample-based hip-hop production / by Michael Exarchos ; Motormouth : An essay in Sonic Recontextualisation / by Jez Nash ; The Individualist : Todd Rundgren's Approach to Innovation and his 1993 Interactive Album No World Order / by Tim Hughes ; Ground Control and Cloud Booths : Breaking geographical barriers to music production / by Paul Ferguson and Dave Hook ; Music Production utilising Internet of Things Technologies / by Marques Hardin and Rob Toulson --</subfield>
  </datafield>
  <datafield tag="505" ind1="0" ind2=" ">
   <subfield code="a">Music Technology Innovation. Development of an Ambisonic Guitar System / Duncan Werner, Bruce Wiggins and Emma Fitzmaurice ; Retaining pianistic virtuosity : exploring pre-existing gestural nuances for live sound modulation / by Niccolò Granieri, James Dooley and Tychonas Michailidis ; Improvising Songwriting and Composition Within A Hybrid Modular Synthesis System / by Hussein Boon ; Speaker Park : An Intersection of loudspeaker design and post-acousmatic composition / Jon Pigott and Antti Saario ; Sound Objects : Exploring Embedded Computing for Procedural Audio in Theatre / by Mat Dalgleish and Sarah Whitfield ; Hearing and Feeling Memories : Exploring Pixel Data Sonification and Haptic Feedback to Create a Multisensory Experience of Photographs / by Matthew Evans ; Concepts and Issues for the Design of Accessible Music Technology / by Joe Wright ; Cyber-security in the creative industry : Why Radiohead got hacked / Andy Farnell --</subfield>
  </datafield>
  <datafield tag="505" ind1="0" ind2=" ">
   <subfield code="a">erformance Innovation. Transparency and Authenticity in the Live Arena : An Exploration of Electronic Music Performance Techniques / Dave Fortune  ; BTS' Speak Yourself World Tour as an intermedial spectacle of attachment : outcomes and future possibilities for popular music / by Alicja Sulkowska ; A review of contemporary practices incorporating digital technologies with live classical music / by Clara Colotti ; Chamber Orchestras as the Innovation Motor of Classical Music in Germany / by Alenka Barber-Kersovan and Volker Kirchberg ; Transforming musical performance : the audience as digital collaborators / by Adrian York ; The Online Composer-Audience Collaboration / by Luis Ramirez ; New Instrument as Creativity Trigger in Composer-Performer Collaboration / by Agata Kubiak ; My avatar and me : technology-enhanced mirror in monitoring music performance practice / by Giusy Caruso, Luc Nijs and Marc Leman ; Creative considerations for on-screen visuals in electronic pop music performances / by Kirsten Hermes --</subfield>
  </datafield>
  <datafield tag="505" ind1="0" ind2=" ">
   <subfield code="a">usic Business and Artist Development Innovation. Towards a quantum theory of musical creativity / Matthew Lovett ; Observing Mood Based Patterns &amp; Commonalities in Music / Jeffrey Lupker and William J. Turkel ; The Role of Contests and Talent Shows in the Artist Development within the Popular Music Genre and Their Place in the Music Business / Stefan Lalchev and Paul Oliver ; Music : Leeds - Supporting a Regionalised Music Sector and Scene / Sam Nicholls and Paul Thompson.</subfield>
  </datafield>
  <datafield tag="520" ind1=" " ind2=" ">
   <subfield code="a">Innovation in Music: Future Opportunities brings together cutting-edge research on new innovations in the field of music production, technology, performance and business. Including contributions from a host of well-respected researchers and practitioners, this volume provides crucial coverage on a range of topics from cybersecurity, to accessible music technology, performance techniques and the role of talent shows within music business. Innovation in Music: Future Opportunities is the perfect companion for professionals and researchers alike with an interest in the music industry&quot;--</subfield>
   <subfield code="c">Provided by publisher.</subfield>
  </datafield>
  <datafield tag="650" ind1=" " ind2="0">
   <subfield code="a">Music and technology.</subfield>
  </datafield>
  <datafield tag="650" ind1=" " ind2="0">
   <subfield code="a">Music trade.</subfield>
  </datafield>
  <datafield tag="650" ind1=" " ind2="0">
   <subfield code="a">Music</subfield>
   <subfield code="x">Performance.</subfield>
  </datafield>
  <datafield tag="650" ind1=" " ind2="0">
   <subfield code="a">Sound recordings</subfield>
   <subfield code="x">Production and direction.</subfield>
  </datafield>
  <datafield tag="700" ind1="1" ind2=" ">
   <subfield code="e">editor.</subfield>
   <subfield code="a">Hepworth-Sawyer, Russ.</subfield>
  </datafield>
  <datafield tag="700" ind1="1" ind2=" ">
   <subfield code="e">editor.</subfield>
   <subfield code="a">Paterson, Justin.</subfield>
  </datafield>
  <datafield tag="700" ind1="1" ind2=" ">
   <subfield code="e">editor.</subfield>
   <subfield code="a">Toulson, Rob.</subfield>
  </datafield>
  <datafield tag="776" ind1="0" ind2="8">
   <subfield code="i">Online version</subfield>
   <subfield code="t">Innovation in music</subfield>
   <subfield code="d">New York : Routledge, 2021.</subfield>
   <subfield code="z">9780429345388</subfield>
   <subfield code="w">(DLC) 2020029017.</subfield>
  </datafield>
  <datafield tag="905" ind1=" " ind2=" ">
   <subfield code="a">FO</subfield>
  </datafield>
  <datafield tag="852" ind1="0" ind2=" ">
   <subfield code="a">UPD</subfield>
   <subfield code="b">DMUS</subfield>
   <subfield code="h">ML 55</subfield>
   <subfield code="i">I55 2021</subfield>
  </datafield>
  <datafield tag="942" ind1=" " ind2=" ">
   <subfield code="a">Book</subfield>
  </datafield>
 </record>
</collection>
